000 01379nam1a22002891i 4500
001 rc\3470944
005 20240921114412.0
035 _a(NLR Aleph) 007596349
090 _a5666396
_c5666396
100 _a20130115d1969 |||y0rusy50 ca
101 0 _arus
102 _aRU
105 _ay z |||||
200 1 _aНемецкий язык
_eГрамматические упражнения
_e[В 2 ч.]
_f[Отв. ред. Ш.Р. Молоткова]. Ч. 1-
_gЛенингр. ордена Ленина и ордена Трудового Красного Знамени гос. ун-т им. А.А. Жданова. Отд. вечернего и заоч. обучения. Кафедра нем. яз.
210 _aЛенинград
_cБ. и.
_d1969
215 _d22
225 1 _aПособие для вечерников и заочников
300 _aПеред загл. авт.: М.Х. Фридберг, Н.Е. Зуева, И.Н. Кротова [и др.]
701 1 _aФридберг
_bМ.Х.
_gМихаил Харитонович
701 1 _aЗуева
_bН.Е.
701 1 _aКротова
_bИ.Н.
702 1 _4340
_7ca
_8rus
_aМолоткова
_bШ. Р.
_f1903-1983
_gШарлотта Рудольфовна
_9211904
_3RU\NLR\AUTH\770211960
801 0 _aRU
_bNLR
_gpsbo
801 1 _aRU
_bELAR
_2rusmarc
852 _aNLR
_j70-6/2880
942 _cBOOK